Les pays qui commencent par la lettre "T" - Statistiques

Statistiques générales
  • Ce quiz a été pris 1 819 fois
  • Le résultat moyen est 8 sur 13
Statistiques - réponses
Réponse % Correct
Turquie
88%
Tanzanie
77%
Tunisie
76%
Turkmenistan
74%
Togo
73%
Tadjikistan
67%
Thaïlande
64%
Taiwan
53%
Trinité et Tobago
53%
Tuvalu
52%
Tonga
50%
Tchad
42%
Timor oriental
41%
Aucun quiz correspondant
Distribution des résultats
% des personnes avec chaque résultat
Percentile par nombre de réponses
Votre historique - résultats
Vous n’avez pas pris ce quiz